| 000 -LEADER |
| fixed length control field |
00560nam a22001817a 4500 |
| 005 - DATE AND TIME OF LATEST TRANSACTION |
| control field |
20151013084136.0 |
| 008 - FIXED-LENGTH DATA ELEMENTS--GENERAL INFORMATION |
| fixed length control field |
150519b xxu||||| |||| 00| 0 eng d |
| 041 0# - LANGUAGE CODE |
| Language code of text/sound track or separate title |
eng |
| 080 ## - UNIVERSAL DECIMAL CLASSIFICATION NUMBER |
| Universal Decimal Classification number |
311.42 |
| 100 ## - Rafti |
| Rafti |
Murphree, Bowerman |
| 245 00 - TITLE STATEMENT |
| Title |
Essentials of business statistics / |
| Statement of responsibility, etc |
Bruce L. Bowerman ... [et al.]. |
| 250 ## - |
| -- |
4th ed. |
| 260 ## - |
| -- |
New York : |
| -- |
McGraw-Hill/Irwin, |
| -- |
c2012. |
| 300 ## - |
| -- |
xxii, 665 f. : |
| -- |
me il.; |
| -- |
29 cm. |
| 500 ## - |
| -- |
Includes bibliographical references (p. 657-658) and indexes. |
| 700 1# - |
| -- |
Murphree, Bowerman |
| 942 ## - ADDED ENTRY ELEMENTS (KOHA) |
| Source of classification or shelving scheme |
|
| Item type |
Books |